Journal of Management Studies

Uložené v:
Podrobná bibliografia
Médium: Seriál
Jazyk:English
Vydavateľské údaje: Malden Blackwell Publishing
Predmet:
Tagy: Pridať tag
Žiadne tagy, Buďte prvý, kto otaguje tento záznam!

MARC

LEADER 00000nas1a2200000 4500
001 0009927
005 20250730114819.4
022 |a 0022-2380 
022 |a 1467-6486 
041 0 |a eng 
044 |a GB 
245 1 0 |a Journal of Management Studies 
264 1 |a Malden  |b Blackwell Publishing 
610 2 0 |a manažment 
610 2 0 |a firmy 
610 2 0 |a politika podniková